Widok standardowy
Widok MARC
Pozycja Geographic Name
Liczba rekordów, w których użyto hasła: 1
001 - Numer kontrolny
- control field: 40368
003 - Identyfikator numeru kontrolnego
- control field: NUKAT
005 - Data i czas ostatniej modyfikacji
- control field: 20260421131500.0
008 - Dane kontrolne kodowane (40 znaków)
- fixed length control field: 990311 ||a|znnbabn |a ana |c
010 ## - Numer kontrolny Biblioteki Kongresu
- numer kontrolny LC: s 99081494
040 ## - Instytucja sporządzająca rekord
- inst. przygot. dane do rek. khw: KR U/ANT
- język haseł przedmiotowych/tezaurus: kaba
- inst. wprow. rek. khw: WA U/IB
083 #4 - DEWEY DECIMAL CLASSIFICATION NUMBER
- pojed. symbol lub pocz. z zakr. symboli: 950
- określenie wyjaśniające: Historia reszty świata
151 ## - Hasło - nazwa geograficzna
- nazwa geograficzna: Kanada
- określnik rzeczowy: historia.
451 ## - Trop zob. - nazwa geograficzna
- nazwa geograficzna: Canada
- określnik rzeczowy: histoire [f]
451 ## - Trop zob. - nazwa geograficzna
- nazwa geograficzna: Canada
- określnik rzeczowy: History [c]
670 ## - Źródło informacji
- źródło informacji: RAMEAU
680 ## - Uwaga ogólna przeznaczona do publicznej prezentacj
- tekst wyjaśniający: Stosuje się do prac ogólnych dotyczących historii Kanady po 1534 r.
680 ## - Uwaga ogólna przeznaczona do publicznej prezentacj
- tekst wyjaśniający: Do prac dotyczących okresu przed 1534 r. stosuje się hasło
- hasło lub określnik: Ameryka -- odkrycia i badania.
680 ## - Uwaga ogólna przeznaczona do publicznej prezentacj
- tekst wyjaśniający: Po haśle
- hasło lub określnik: Kanada -- historia
- tekst wyjaśniający: nie stosuje się żadnych określników chronologicznych.